MARC

LEADER 00000nam0a2200000 4500
001 366811
005 20231102011923.0
035 |a (RuTPU)RU\TPU\retro\24174 
090 |a 366811 
100 |a 20220218d1979 m y0rusy50 ca 
101 0 |a rus 
102 |a RU 
105 |a a j 001zy 
200 1 |a Адаптивное управление обработкой деталей в приборостроении  |e учебное пособие для слушателей заочных курсов повышения квалификации  |f Б. М. Базров  |g Центральное правление научно-технического общества приборостроительной промышленности им. С. И. Вавилова ; Заочный институт повышения квалификации ИТР 
210 |a Москва  |c Машиностроение  |d 1979 
215 |a 56 с.  |c ил. 
320 |a Библиогр.: с. 54 
606 1 |a Приборостроение  |2 stltpush  |3 (RuTPU)RU\TPU\subj\71978  |9 85626 
610 1 |a детали 
610 1 |a обработка на станках 
610 1 |a адаптивное управление 
610 1 |a качество 
610 1 |a системы адаптивного управления 
610 1 |a разработка 
610 1 |a учебные пособия 
675 |a 681.2(075.9)  |v 4 
700 1 |a Базров  |b Б. М.  |g Борис Мухтарбекович 
712 0 2 |a Центральное правление научно-технического общества приборостроительной промышленности им. С. И. Вавилова  |2 stltpush  |3 (RuTPU)RU\TPU\col\13488  |9 25691 
712 0 2 |a Заочный институт повышения квалификации ИТР  |2 stltpush  |3 (RuTPU)RU\TPU\col\13573  |9 25712 
801 1 |a RU  |b 63413507  |c 20220216 
801 2 |a RU  |b 63413507  |c 20220218  |g RCR 
942 |c BK